Advanced selling strategies: the proven system of sales ideas, methods, and techniques used by top salespeople everywhere (Record no. 481757)

000 -LEADER
fixed length control field 00437cam a22001337a 4500
008 - FIXED-LENGTH DATA ELEMENTS--GENERAL INFORMATION
fixed length control field 180718b1995 xxu||||| |||| 00| 0 eng d
082 ## - DEWEY DECIMAL CLASSIFICATION NUMBER
Classification number I52 T674
100 ## - MAIN ENTRY--PERSONAL NAME
Personal name Tracy, Brian
245 ## - TITLE STATEMENT
Title Advanced selling strategies: the proven system of sales ideas, methods, and techniques used by top salespeople everywhere
Statement of responsibility, etc. by Brian Tracy
260 ## - PUBLICATION, DISTRIBUTION, ETC.
Place of publication, distribution, etc. New York
Name of publisher, distributor, etc. Simon
Date of publication, distribution, etc. 1995
300 ## - PHYSICAL DESCRIPTION
Extent 429p.
650 ## - SUBJECT ADDED ENTRY--TOPICAL TERM
Topical term or geographic name entry element Success in business
650 ## - SUBJECT ADDED ENTRY--TOPICAL TERM
Topical term or geographic name entry element Selling
Holdings
Withdrawn status Lost status Damaged status Not for loan Permanent Location Current Location Date acquired Full call number Barcode Date last seen Price effective from Koha item type
        Indian Institute of Public Administration Indian Institute of Public Administration 2018-08-04 I52 T674 GR14037 2018-08-04 2018-08-04 GR

Powered by Koha